Long Words: A Short Click Quiz - Statistics

General Stats
  • This quiz has been taken 60 times
  • The average score is 6 of 8
Answer Stats
Hint Answer % Correct
thyroparathyroidectomized removal of the thyroid
97%
pneumonoultramicroscopicsilicovolcanoconiosis lung disease
95%
hexakosioihexekontahexaphobia fear of the number 666
87%
hippopotomonstrosesquippedaliophobia the fear of long words
74%
arachibutyrophobia the fear of peanut butter
68%
agathokakological containing both good and evil
66%
floccinaucinihilipilification the act of estimating something as worthless
66%
sesquipedalianism the use of long words
55%
No matching quizzes found
Score Distribution
Percent of People with Each Score
Percentile by Number Answered
Your Score History
You have not taken this quiz